00865nam a2200241Ia 450000100060000000300090000600800410001504000130005604000130006904100130008210000240009510000290011924500770014824500630022525000110028826000120029926000130031126000490032430000550037350001390042865000250056765000310059296666IT-RoPAU130308s9999 xx 000 0 und d aIT-RoPAU cIT-RoPAU aITALIANO aTrebisacce Giuseppe gCodice Aut. SPICS: 33530 aCittà odierna (La): luogo di trasformazioni ma anche di contraddizioni bCitta' Educativa (La)-Verso un Sistema formativo Integrato a1a ed. aBOLOGNA bCappelli c1991 [1° Ed.:1991 - Ed.Ling.Originale:1991] a"7 p. (prefazione: no ; testo: 7 [pagine: 25-31])" aCentro Storico Abbandono Degrado e Comunità Illusoria. Nuovi Quartieri Urbani Isolamento Esistenziale e scarsa Qualità della Vita. aSAGGI DI URBANISTICA eCodice materia Spics: 5361